Pháp lệnh dân số và các văn bản hướng dẫn thi hành

Giới thiệu những quy định chung về pháp lệnh dân số 2003, và một số quyết định, chỉ thị của chính phủ về xử phạt vi phạm hành chính, về tránh thai, kế hoạch hoá gia đình

Gespeichert in:
Bibliographische Detailangaben
Format: Buch
Sprache:Undetermined
Veröffentlicht: Hà Nội Thanh niên 2010
Schlagworte:
Tags: Tag hinzufügen
Keine Tags, Fügen Sie den ersten Tag hinzu!
Thư viện lưu trữ: Trung tâm Học liệu Trường Đại học Cần Thơ
LEADER 00827nam a2200193Ia 4500
001 CTU_153618
008 210402s9999 xx 000 0 und d
020 |c 23000 
082 |a 344.59704 
082 |b Ph109 
245 0 |a Pháp lệnh dân số và các văn bản hướng dẫn thi hành 
260 |a Hà Nội 
260 |b Thanh niên 
260 |c 2010 
520 |a Giới thiệu những quy định chung về pháp lệnh dân số 2003, và một số quyết định, chỉ thị của chính phủ về xử phạt vi phạm hành chính, về tránh thai, kế hoạch hoá gia đình 
650 |a Population,Pháp lệnh dân số 
650 |x Law and legislation 
904 |i Nguyên 
980 |a Trung tâm Học liệu Trường Đại học Cần Thơ